000 00510nam a2200181Ia 4500
005 20250326125128.0
008 250326s9999 xx 000 0 und d
037 _aTextbook
040 _aFMSL
_beng
_cFMSL
041 _aeng
_2eng
084 _aX:9.44 J9
_qFMSL
100 _aIndia Laoour Bureau
245 0 _aCurrent problems of labour in India
_cIndia Laoour Bureau
260 _aSimla
_bSimla, LAbour Bureau
_c1959
300 _a239p
942 _cTB
_hX:9.44 J9
999 _c1276667
_d1276667